Essentials of commerce in East Africa. (Record no. 5876)

MARC details
005 - DATE AND TIME OF LATEST TRANSACTION
control field 20250628081339.0
020 ## - INTERNATIONAL STANDARD BOOK NUMBER
International Standard Book Number 0-304-312657
082 ## - DEWEY DECIMAL CLASSIFICATION NUMBER
Classification number 380.1 BUT
100 ## - MAIN ENTRY--PERSONAL NAME
Author name BUTT,S.A
245 ## - TITLE STATEMENT
Title Essentials of commerce in East Africa.
250 ## - EDITION STATEMENT
Edition statement 5th Ed.
260 ## - PUBLICATION, DISTRIBUTION, ETC.
Place of publication, distribution, etc. London
Name of publisher, distributor, etc. Cassell Publishers limited
Date of publication, distribution, etc. 2005
300 ## - PHYSICAL DESCRIPTION
Extent xi,270p.;Figure
Dimensions 21cm.
942 ## - ADDED ENTRY ELEMENTS (KOHA)
Source of classification or shelving scheme Dewey Decimal Classification
Koha item type Books
Holdings
Date last seen Total checkouts Full call number Barcode Cost, replacement price Price effective from Koha item type Lost status Source of classification or shelving scheme Damaged status Not for loan Withdrawn status Home library Current library Shelving location Date acquired Source of acquisition Cost, normal purchase price
06/28/2025   380.1 BUT MZA0002888 90000.00 06/28/2007 Books   Dewey Decimal Classification       CBE Mwanza CBE Mwanza Special Reserve Collection 06/28/2007 Library Budget 30000.00